000 00667nam a22002417a 4500
003 UA-OsUOA
001 75915
007 ta
008 20110607b un ||||| |||| 00| 0 ukr d
100 _aБолабольченко А.А.
090 _a821.161.2
_bБ79
942 _cBK
040 _aUA-OsUOA
_bukr
_cUA-OsUOA
_dUA-OsUOA
245 _aЖиття, яким воно було...
_bспогади, роздуми
300 _a192 с.
955 _a2
041 _aukr
080 _a821.161.2
020 _a978-966-2031-13-6
260 _aК.
_bЩек
_c2009
650 7 _a82 Література. Літературознавство
_2UDC
999 _c362213
_d362213